European National Teams by Major International Trophies - Statistics

General Stats
  • This quiz has been taken 43 times
  • The average score is 10 of 11
Answer Stats
Hint Answer % Correct
Total Titles: 1 ๐Ÿ† | FIFA World Cup: 1 / UEFA Euro: ร˜ / UEFA Nations League: ร˜ England
100%
Total Titles: 5 ๐Ÿ† | FIFA World Cup: 2 / UEFA Euro: 2 / UEFA Nations League: 1 France
100%
Total Titles: 7 ๐Ÿ† | FIFA World Cup: 4 / UEFA Euro: 3 / UEFA Nations League: ร˜ Germany
100%
Total Titles: 6 ๐Ÿ† | FIFA World Cup: 4 / UEFA Euro: 2 / UEFA Nations League: ร˜ Italy
100%
Total Titles: 3 ๐Ÿ† | FIFA World Cup: ร˜ / UEFA Euro: 1 / UEFA Nations League: 2 Portugal
97%
Total Titles: 6 ๐Ÿ† | FIFA World Cup: 1 / UEFA Euro: 4 / UEFA Nations League: 1 Spain
97%
Total Titles: 1 ๐Ÿ† | FIFA World Cup: ร˜ / UEFA Euro: 1 / UEFA Nations League: ร˜ Netherlands
91%
Total Titles: 1 ๐Ÿ† | FIFA World Cup: ร˜ / UEFA Euro: 1 / UEFA Nations League: ร˜ Greece
89%
Total Titles: 1 ๐Ÿ† | FIFA World Cup: ร˜ / UEFA Euro: 1 / UEFA Nations League: ร˜ Denmark
83%
Total Titles: 1 ๐Ÿ† | FIFA World Cup: ร˜ / UEFA Euro: 1 / UEFA Nations League: ร˜ Soviet Union
80%
Total Titles: 1 ๐Ÿ† | FIFA World Cup: ร˜ / UEFA Euro: 1 / UEFA Nations League: ร˜ Czechoslovakia
66%
No matching quizzes found
Score Distribution
Percent of People with Each Score
Percentile by Number Answered
Your Score History
You have not taken this quiz